| 000 | 00401nam a22001337a 4500 | ||
|---|---|---|---|
| 082 |
_aP-280 _bEhsan ul Haq |
||
| 100 |
_aEhsan ul Haq _948214 |
||
| 245 |
_aUse of soil rein forcement in lieu of previous shells in zoned earth dams _cEhsan ul Haq |
||
| 260 |
_aRisalpur: _bEhsan ul Haq _c2005 |
||
| 300 |
_bill.; _c20 cm |
||
| 526 |
_a0 _b0 _c0 _dP_280_EHSAN_UL_HAQ |
||
| 650 |
_aMCE _9379 |
||
| 942 |
_2ddc _cBK |
||
| 999 |
_c551220 _d551220 |
||